Надежность и качество средств измерений: учебник для вузов
| Päätekijä: | |
|---|---|
| Muut tekijät: | |
| Yhteenveto: | Электронная версия печатного издания. Режим доступа: из корпоративной сети ТПУ |
| Kieli: | venäjä |
| Julkaistu: |
Москва, Академия, 2014
|
| Painos: | 7-е изд., перераб. и доп. |
| Sarja: | Бакалавриат Высшее образование. Приборостроение |
| Aiheet: | |
| Linkit: | http://www.lib.tpu.ru/fulltext2/m/2015/FN/fn-71.pdf |
| Aineistotyyppi: | MixedMaterials Elektroninen Kirja |
| KOHA link: | https://koha.lib.tpu.ru/cgi-bin/koha/opac-detail.pl?biblionumber=290129 |
MARC
| LEADER | 00000nlm0a2200000 4500 | ||
|---|---|---|---|
| 001 | 290129 | ||
| 005 | 20231102000244.0 | ||
| 010 | |a 9785446809202 | ||
| 035 | |a (RuTPU)RU\TPU\book\314659 | ||
| 090 | |a 290129 | ||
| 100 | |a 20150403d2014 m y0rusy50 ca | ||
| 101 | 0 | |a rus | |
| 102 | |a RU | ||
| 105 | |a y j 000zy | ||
| 135 | |a vocna---uucaa | ||
| 181 | 0 | |a i | |
| 182 | 0 | |a b | |
| 200 | 1 | |a Надежность и качество средств измерений |b Электронный ресурс |e учебник для вузов |f Г. Г. Раннев, А. П. Тарасенко | |
| 203 | |a Текст |c электронный | ||
| 205 | |a 7-е изд., перераб. и доп. | ||
| 210 | |a Москва |c Академия |d 2014 | ||
| 215 | |a 1 Мультимедиа CD-ROM | ||
| 225 | 1 | |a Бакалавриат | |
| 225 | 1 | |a Высшее образование. Приборостроение | |
| 230 | |a Мультимедиа ресурсы (10 директорий; 100 файлов; 740MB) | ||
| 300 | |a Электронная версия печатного издания. | ||
| 333 | |a Режим доступа: из корпоративной сети ТПУ | ||
| 337 | |a Pentium 100 MHz, 16 Mb RAM, Windows 95/98/NT/2000, CDROM, SVGA, звуковая карта, Internet Explorer 5.0 и выше | ||
| 452 | 1 | |0 (RuTPU)RU\TPU\book\305798 |y 978-5-4468-0920-2 |t Надежность и качество средств измерений |o учебник для вузов |f Г. Г. Раннев, А. П. Тарасенко |e 7-е изд., перераб. и доп. |c Москва |n Академия |d 2014 |p 238 с. |s Высшее образование. Приборостроение |a Раннев, Георгий Георгиевич | |
| 606 | 1 | |a Контрольно-измерительные инструменты и приборы |x Надежность |2 stltpush |3 (RuTPU)RU\TPU\subj\15528 |9 41763 | |
| 610 | 1 | |a практическая метрология | |
| 610 | 1 | |a понятия | |
| 610 | 1 | |a отказы | |
| 610 | 1 | |a показатели | |
| 610 | 1 | |a безотказность | |
| 610 | 1 | |a средства измерений | |
| 610 | 1 | |a эксплуатационные характеристики | |
| 610 | 1 | |a эксплуатация | |
| 610 | 1 | |a хранение | |
| 610 | 1 | |a качество | |
| 610 | 1 | |a измерительное оборудование | |
| 610 | 1 | |a ремонтопригодность | |
| 610 | 1 | |a ресурс | |
| 610 | 1 | |a учебники | |
| 610 | 1 | |a CD-ROM | |
| 675 | |a 681.2-192(075.8) |v 4 | ||
| 700 | 1 | |a Раннев |b Г. Г. |g Георгий Георгиевич | |
| 701 | 1 | |a Тарасенко |b А. П. |g Анатолий Пантелеевич | |
| 801 | 1 | |a RU |b 63413507 |c 20150403 | |
| 801 | 2 | |a RU |b 63413507 |c 20161028 |g RCR | |
| 856 | 4 | 0 | |u http://www.lib.tpu.ru/fulltext2/m/2015/FN/fn-71.pdf |
| 900 | |a Метрология | ||
| 900 | |a Метрология и измерения | ||
| 900 | |a Практическая метрология | ||
| 942 | |c CF | ||
| 951 | |l 8.1 | ||
| 959 | |a 32/20150403 |d 1 |e 12413,60 |f ЧЗКДП:1 | ||